Popular Avril Lavigne Songs - Statistics

General Stats
  • This quiz has been taken 97 times
  • The average score is 8 of 16
Answer Stats
Plays Song % Correct
896,017,907 Complicated
95%
474,591,860 Girlfriend
88%
585,952,725 Sk8er Boi
76%
302,639,846 I'm With You
62%
227,751,279 My Happy Ending
56%
401,889,810 What The Hell
56%
98,713,109 Nobody's Home
52%
104,300,086 Smile
50%
240,500,782 When You're Gone
50%
231,131,801 Head Above Water
48%
239,526,114 Here's To Never Growing Up
46%
163,699,417 Wish You Were Here
43%
113,474,737 Bite Me
34%
73,052,937 Rock N Roll
29%
123,586,978 Keep Holding On
24%
78,367,042 Let Me Go
18%
No matching quizzes found
Score Distribution
Percent of People with Each Score
Percentile by Number Answered
Your Score History
You have not taken this quiz